Lawyers and judges ; the ABA and the politics of judicial selection /

Bibliographic Details
Main Author: Grossman, Joel Barry, 1936-
Format: Book
Language:English
Published: New York : J. Wiley, [1965]
Subjects:

MARC

Tag First Indicator Second Indicator Subfields
LEADER 00000cam a2200000 4500
001 in00000201248
005 20151009064513.0
008 720531s1965 nyu b 00010 eng d
010 |a  65016409  
035 |a (OCoLC)00320947 
035 |9 AAY2286AM 
040 |c DEF  |d TXA  |d UtOrBLW 
049 |a TXAM  |c [418728] 
082 0 |a 347.9 
090 |a KF8776  |b .G7 
100 1 |a Grossman, Joel Barry,  |d 1936- 
245 1 0 |a Lawyers and judges ;  |b the ABA and the politics of judicial selection /  |c [by] Joel B. Grossman. 
264 1 |a New York :  |b J. Wiley,  |c [1965] 
300 |a xii, 228 pages ;  |c 24 cm. 
336 |a text  |b txt  |2 rdacontent 
337 |a unmediated  |b n  |2 rdamedia 
338 |a volume  |b nc  |2 rdacarrier 
504 |a Bibliographical footnotes. 
610 2 0 |a American Bar Association. 
650 0 |a Judges  |z United States. 
740 0 |a ABA and the politics of judicial selection. 
999 |a MARS 
999 f f |s 47f04d73-aec6-3019-8d69-8817ba520b77  |i 1813dd42-1399-3de4-b8b4-0669dc52aba6  |t 0 
952 f f |p ric  |a Texas A&M University  |b Rellis Campus  |c Joint Library Facility  |d Remote Storage  |t 0  |e KF8776 .G7  |h Library of Congress classification  |i unmediated -- volume  |m A14803197748 
998 f f |a KF8776 .G7  |t 0  |l Remote Storage